Načítá se...

Samgita sadhana/

Podrobná bibliografie
Hlavní autor: Thielemann,Selina
Médium: Printed Book
Jazyk:English
Vydáno: New Delhi, A P H Publishing, 2003
Témata:
LEADER 00722 a2200169 4500
008 150103s9999 000 0 eng
020 |a 8176484741 
082 |a 294.5 THI/SA 
100 |a Thielemann,Selina 
245 |a Samgita sadhana/ 
260 |a New Delhi,  |b A P H Publishing,  |c 2003 
300 |a 153 p.: 
650 |a Music-India-Religious aspects-Bauls-Hinduism 
942 |c BK 
999 |c 304532  |d 304532 
952 |0 0  |1 0  |2 ddc  |4 0  |6 294_500000000000000_THI_SA  |7 0  |8 MUSIC  |9 349003  |a DRA  |b DRA  |c ST1  |d 2011-07-20  |g 695.00  |i 366M  |l 0  |o 294.5 THI/SA  |p DRA366M  |r 2019-01-03  |w 2019-01-03  |y BK 
952 |0 0  |1 0  |2 ddc  |4 0  |6 294_500000000000000_THI_SA  |7 0  |9 349004  |a DRA  |b DRA  |c ST1  |d 2011-07-20  |g 695.00  |i 7471  |l 0  |o 294.5 THI/SA  |p DRA7471  |r 2019-01-03  |w 2019-01-03  |y BK